ՀՀ Գիտությունների ազգային ակադեմիայի հիմնարար գիտական գրադարան  =   Fundamental Scientific Library of NAS RA

Պիեսներ / (Record no. 258365)

MARC details
000 -LEADER
fixed length control field 00837nam a2200229 a 4500
001 - CONTROL NUMBER
control field 000697001
003 - CONTROL NUMBER IDENTIFIER
control field AM-YeHGA
005 - DATE AND TIME OF LATEST TRANSACTION
control field 20250618073646.0
008 - FIXED-LENGTH DATA ELEMENTS--GENERAL INFORMATION
fixed length control field 091112s2009 ai | |||||||||||||arm|d
020 ## - INTERNATIONAL STANDARD BOOK NUMBER
Canceled/invalid ISBN 978-9939-52-108-4
040 ## - CATALOGING SOURCE
Original cataloging agency AM-YeHGA
041 0# - LANGUAGE CODE
Language code of text/sound track or separate title arm
090 ## - LOCALLY ASSIGNED LC-TYPE CALL NUMBER (OCLC); LOCAL CALL NUMBER (RLIN)
-- 259971
100 1# - MAIN ENTRY--PERSONAL NAME
Personal name Այվազյան, Աղասի Սիմոնի,
Dates associated with a name 1925-2007
9 (RLIN) 83
245 10 - TITLE STATEMENT
Title Պիեսներ /
Statement of responsibility, etc. Ա.Ս. Այվազյան ; Կազմ.՝ Գ. Վերդյան ; Խմբ.՝ Գ. Գասպարյան.
260 ## - PUBLICATION, DISTRIBUTION, ETC.
Place of publication, distribution, etc. Երևան :
Name of publisher, distributor, etc. Էդիթ Պրինտ,
Date of publication, distribution, etc. 2009.
300 ## - PHYSICAL DESCRIPTION
Extent 623 էջ :
Other physical details դիմանկ., աղս. ;
Dimensions 25 սմ.
504 ## - BIBLIOGRAPHY, ETC. NOTE
Bibliography, etc. note Հրատ. ցանկ, էջ՝ 622
650 14 - SUBJECT ADDED ENTRY--TOPICAL TERM
Topical term or geographic name entry element Հայ գրականություն
General subdivision Պիես
700 1# - ADDED ENTRY--PERSONAL NAME
Personal name Վերդյան, Գրետա
Relator term կազմ.
Relationship com
700 1# - ADDED ENTRY--PERSONAL NAME
Personal name Գասպարյան, Գուրգեն
Relator term խմբ.
Relationship edt
Holdings
Withdrawn status Lost status Damaged status Not for loan Collection Home library Current library Date acquired Cost, normal purchase price Shelving control number Total checkouts Full call number Barcode Date last seen Price effective from Koha item type Public note
        General Fundamental Scientific Library Fundamental Scientific Library 29/12/2016 1450.00     AII/101606 FL0407729 29/12/2016 29/12/2016 Գրքեր / Books 30 Days Loan


ՀՀ ԳԱԱ հիմնարար գիտական գրադարան
ՀՀ,Երևան 0019
Մարշալ Բաղրամյան 24/6
հեռախոս:(374-10) 52-47-50
Հետադարձ կապ

All site content, except where otherwise noted, is licensed under a
Creative Commons License